000 00628nam a2200217Ii 4500
003 JO-AjNU
008 230605s9999||||xx |||||||||||||| ||und||
017 _a2001/14928
040 _aJO-AjNU
_bara
_erda
_cJO-AjNU
041 _aara
050 1 4 _aHB180.A7.Z372.2001
100 3 _aزردق،احمد عبدالرحيم,
_eauthor
_932595
245 0 0 _aمبادىء الاقتصاد الكلي
250 _aط1
264 3 1 _aد.م:د.ن
300 _a340ص
336 _atext
_btxt
_2rdacontent
337 _aunmediated
_bn
_2rdamedia
338 _avolume
_bnc
_2rdacarrier
650 4 _aالاقتصاد الكلي
_932596
999 _aA13178
_c16746
_d16746